000 00783nam a2200289Ia 4500
005 20260324112427.0
008 008 260324s9999 xx 000 0 eng d
020 _a9781003320135
037 _aEBOOK
040 _aCRL
040 _beng
040 _cCRL
041 _2eng
041 _aeng
084 _qCRL
100 _aCrystal Chen Lee; Jose Picart; Jennifer C. Mann
_91142648
245 0 _aAmplifying Youth Voices through Critical Literacy and Positive Youth Development
245 4 _bThe Potential of University-Community Partnerships
260 _bTaylor and Francis
260 _c2024
365 _a
365 _b230
856 _uhttp://www.taylorfrancis.com/books/9781003320135
942 _cEBOOK
999 _c1731847
_d1731847